000 00257nam a22000977a 4500
999 _c2881
_d2881
008 190403e1983 mx ||||| |||| 00| 0 spa d
245 _aTratado de Medicina Interna de Cecil
_dVol. 2
250 _a15a ed.
260 _aMexico
_bInteramericana
_c1983
500 _3Baja